| 000 | 00723nam a2200229 u 4500 | ||
|---|---|---|---|
| 005 | 20240924070613.0 | ||
| 008 | 181120s2007 r 000 0 eng d | ||
| 020 | _a9685054479 | ||
| 035 | _aUPN01000227969 | ||
| 049 | _aCG | ||
| 050 | 4 |
_aJC571 _bP4.7 |
|
| 245 | 0 | 0 |
_aPerspectivas y aproximaciones a los derechos humanos desde la hermenéutica analógica / _ccomp. Dora Elvira García. |
| 260 |
_aMéxico : _bDucere, _c2007. |
||
| 300 | _a424 p. | ||
| 440 | 0 |
_aHermenéutica, analogía e imagen ; _v11 |
|
| 650 | 7 |
_aDerechos humanos _xFilosofía _2 _94202 |
|
| 650 | 4 |
_aHermenéutica _95799 |
|
| 650 | 4 |
_aANALOGIA _917691 |
|
| 700 | 1 |
_aGarcía González, Dora Elvira, _ecomp. |
|
| 905 | _aLibro | ||
| 999 |
_c200064 _d200064 |
||